| 000 | 01093nam0a22002651 4500 | ||
|---|---|---|---|
| 001 | rc\3050854 | ||
| 005 | 20250810062717.0 | ||
| 035 | _a(NLR Aleph) 007190321 | ||
| 090 |
_a7531449 _c7531449 |
||
| 100 | _a20111010d1944 u y0rusy50 ca | ||
| 101 | 0 | _arus | |
| 102 | _aRU | ||
| 105 | _aa z ||||| | ||
| 200 | 1 |
_aАвиационные моторные установки _fМосс, Санфорд, А. Preprint sae, 1943, jan. 11-15 |
|
| 210 |
_a[Москва] _cБ. и. _d[1944] |
||
| 215 |
_aС. 1-6, 2-й паг., 1 л. ил., схем. _cил., схем. |
||
| 300 | _aВ кн.: СССР. Нар. ком. авиационной промышленности. Бюро новой техники. Технический перевод. № 77. [М.], 1944. С. 1-6, 2-й паг. с ил., 1 л. ил., схем. | ||
| 700 | 1 |
_aМосс _bС.А. _gСанфорд А. |
|
| 801 | 0 |
_aRU _bNLR _gpsbo |
|
| 801 | 1 |
_aRU _bELAR _2rusmarc |
|
| 852 |
_aNLR _jМх02 В-8/3(77) |
||
| 942 | _cBOOK | ||
| 945 | _aРоссийская национальная библиотека | ||
| 980 | _aNB | ||
| 980 | _aBV | ||